| 000 | 00452 a2200121 4500 | ||
|---|---|---|---|
| 001 | ART_49674 | ||
| 005 | 20260410162014.0 | ||
| 008 | 260409a | ||
| 245 | 1 | 0 | _aEnseñanzas sobre la responsabilidad del estado por daños causados por su omisión, en materia de violencia de género |
| 100 | 1 | _aCaputi, María Claudia | |
| 700 | 1 | _aFiol, Gerardo | |
| 773 | 0 |
_tTemas de derecho administrativo _g- Año 4, N° 10 (oct. 2019) _wREV40468 |
|
| 999 |
_c32471 _d32471 |
||